Critique de la raison pure / (Record no. 156545)

MARC details
000 -LEADER
campo de control de longitud fija 00850nam a22002175i 4500
001 - NÚMERO DE CONTROL
campo de control 156545
003 - IDENTIFICADOR DE NÚMERO DE CONTROL
campo de control ES-MaACL
005 - FECHA Y HORA DE LA ÚLTIMA TRANSACCIÓN
campo de control 20250804062751.0
008 - DATOS DE LONGITUD FIJA--INFORMACIÓN GENERAL
campo de control de longitud fija 941129s1845 fr |||| | fre d
040 ## - FUENTE DE CATALOGACIÓN
Centro catalogador/agencia de origen CLM
Lengua de catalogación spa
100 1# - ENTRADA PRINCIPAL--NOMBRE DE PERSONA
Nombre de persona Kant, Immanuel,
Fechas asociadas al nombre 1724-1804
9 (RLIN) 222608
245 10 - MENCIÓN DEL TÍTULO
Título Critique de la raison pure /
Mención de responsabilidad, etc. par Emm. Kant.
250 ## - MENCION DE EDICION
Mención de edición 2e éd. en français
Resto de la mención de edición retraduite sur la première édition allemande par J. Tissot.
260 ## - PUBLICACIÓN, DISTRIBUCIÓN, ETC.
Lugar de publicación, distribución, etc. Paris :
Nombre del editor, distribuidor, etc. Librairie Philosophique de Ladrange,
Fecha de publicación, distribución, etc. 1845 (
Lugar de fabricación/manufactura Corbeil :
Fabricante Imp. de Crété)
300 ## - DESCRIPCIÓN FÍSICA
Extensión 2 v. ;
Dimensiones 21 cm.
594 #1 - Nota al título y mención de responsabilidad
Nota al título y mención de responsabilidad Contenant tous les changements faits par l'auteur dans la sécond édition, des notes et une biographie de Kant.
650 #7 - PUNTO DE ACCESO ADICIONAL DE MATERIA--TÉRMINO DE MATERIA
Término de materia o nombre geográfico como elemento de entrada Filosofía
Fuente del encabezamiento o término embne
9 (RLIN) 12802
700 1# - ENTRADA AGREGADA--NOMBRE PERSONAL
Nombre de persona Tissot, J.
9 (RLIN) 133274
852 ## - LOCALIZACIÓN
Ubicación ES-MaACL
Número de control de estantería F-7156-57
Nota libre -- Enc. hol.
Holdings
Estatus retirado Estado de pérdida Estado de daño No para préstamo Colección Biblioteca de origen Biblioteca actual Ubicación en estantería Fecha de adquisición Total de préstamos Signatura topográfica completa Código de barras Visto por última vez Precio de reemplazo Tipo de ítem Koha
        Libros del s. XIX Biblioteca del Ateneo de Madrid Biblioteca del Ateneo de Madrid Depósito 2 17/01/2008   F-7156-57 1163782 23/02/2023 23/02/2023 Libro impreso antiguo